How to give your baby encyclopedic knowledge : more gentle revolution

Bibliographic Details
Main Author: Doman, Glenn J
Other Authors: Doman, Janet
Format: Book
Published: New York : Avery Publishing , 1994
Subjects:

MARC

LEADER 00000cam a2200000 7i4500
001 0000006471
002 000006983
005 20000330.0
020 |a 0895296020 
090 0 0 |a 649.68   |b DOM 
100 1 |a Doman, Glenn J 
245 1 0 |a How to give your baby encyclopedic knowledge :   |b more gentle revolution   |c Glenn Doman,Janet Doman and Susan Aisen 
260 |a New York :   |b Avery Publishing ,   |c 1994 
300 |a 300p. ;   |c 21cm. 
650 0 0 |a Domestic education 
650 0 0 |a Education, Prescholl   |x Curricula 
650 0 0 |a Educational acceleration 
700 1 |a Doman, Janet 
999 |a 040250   |b BUKU   |c PINJAMAN   |e PERPUSTAKAAN KOMUNITI PETALING JAYA